Постановка задачи для разработки математической модели распределения температурных деформаций в зацеплении циклоидальной передачи; Современные проблемы машиностроения

Détails bibliographiques
Parent link:Современные проблемы машиностроения.— 2019.— [С. 278-280]
Collectivité auteur: Национальный исследовательский Томский политехнический университет Инженерная школа новых производственных технологий Отделение материаловедения
Autres auteurs: Ефременков Е. А. Егор Алексеевич, Шанин С. А. Сергей Александрович, Сорокова С. Н. Светлана Николаевна, Долгий М. Е. Максим Евгеньевич
Résumé:Заглавие с экрана
Langue:russe
Publié: 2019
Collection:Автоматизация и моделирование технологических процессов
Sujets:
Accès en ligne:http://earchive.tpu.ru/handle/11683/57009
Format: Électronique Chapitre de livre
KOHA link:https://koha.lib.tpu.ru/cgi-bin/koha/opac-detail.pl?biblionumber=630609

MARC

LEADER 00000naa2a2200000 4500
001 630609
005 20240208132111.0
035 |a (RuTPU)RU\TPU\conf\31772 
035 |a RU\TPU\conf\31771 
090 |a 630609 
100 |a 20191127a2019 k y0rusy50 ca 
101 0 |a rus 
102 |a RU 
105 |a y z 100zy 
135 |a drcn ---uucaa 
181 0 |a i  
182 0 |a b 
200 1 |a Постановка задачи для разработки математической модели распределения температурных деформаций в зацеплении циклоидальной передачи  |f Е. А. Ефременков [и др.] 
203 |a Текст  |c электронный 
225 1 |a Автоматизация и моделирование технологических процессов 
300 |a Заглавие с экрана 
320 |a [Библиогр.: с. 279-280 (9 назв.)] 
463 0 |0 (RuTPU)RU\TPU\conf\31687  |t Современные проблемы машиностроения  |o сборник научных трудов XII Международной научно-технической конференции, г. Томск, 28 октября - 1 ноября 2019 г.  |f Национальный исследовательский Томский политехнический университет (ТПУ) ; под ред. А. Ю. Арляпова [и др.]  |v [С. 278-280]  |d 2019 
610 1 |a электронный ресурс 
610 1 |a труды учёных ТПУ 
610 1 |a математические модели 
610 1 |a распределение 
610 1 |a температура 
610 1 |a деформации 
610 1 |a зацепления 
610 1 |a циклоидальные передачи 
610 1 |a промежуточные тела качения 
610 1 |a свободные обоймы 
701 1 |a Ефременков  |b Е. А.  |c специалист в области машиностроения  |c доцент Томского политехнического университета, кандидат технических наук  |f 1975-  |g Егор Алексеевич  |3 (RuTPU)RU\TPU\pers\25819  |9 11692 
701 1 |a Шанин  |b С. А.  |c физик  |c программист, старший преподаватель Томского политехнического университета, кандидат физико-математических наук  |f 1985-  |g Сергей Александрович  |3 (RuTPU)RU\TPU\pers\32709  |9 16595 
701 1 |a Сорокова  |b С. Н.  |c специалист в области информатики и вычислительной техники  |c доцент Томского политехнического университета, программист, кандидат физико-математических наук  |f 1981-  |g Светлана Николаевна  |3 (RuTPU)RU\TPU\pers\25593  |9 11523 
701 1 |a Долгий  |b М. Е.  |c физик  |c ассистент Томского политехнического университета  |f 1989-  |g Максим Евгеньевич  |3 (RuTPU)RU\TPU\pers\36975 
712 0 2 |a Национальный исследовательский Томский политехнический университет  |b Инженерная школа новых производственных технологий  |b Отделение материаловедения  |3 (RuTPU)RU\TPU\col\23508 
801 2 |a RU  |b 63413507  |c 20191129  |g RCR 
856 4 |u http://earchive.tpu.ru/handle/11683/57009 
942 |c BK